What are generals made of? / (Record no. 542659)
[ view plain ]
| 000 -LEADER | |
|---|---|
| fixed length control field | 00418cam a22001331 4500 |
| 082 ## - DEWEY DECIMAL CLASSIFICATION NUMBER | |
| Classification number | 355 |
| Author Mark | AUR |
| -- | 34971 |
| 100 1# - MAIN ENTRY--PERSONAL NAME | |
| Personal name | Newman, Aubrey S., |
| 9 (RLIN) | 12639 |
| 245 10 - TITLE STATEMENT | |
| Title | What are generals made of? / |
| Statement of responsibility, etc. | Aubrey S. "Red" Newman. |
| 260 ## - PUBLICATION, DISTRIBUTION, ETC. | |
| Place of publication, distribution, etc. | Novato, CA : |
| Name of publisher, distributor, etc. | Presidio, |
| Date of publication, distribution, etc. | c1987. |
| 300 ## - PHYSICAL DESCRIPTION | |
| Extent | x, 314 p., [20] p. of plates ; |
| Other physical details | ill. ; |
| Dimensions | 24 cm. |
| 526 ## - STUDY PROGRAM INFORMATION NOTE | |
| Program name | 0 |
| Interest level | 0 |
| Reading level | 0 |
| Title point value | 355_000000000000000_AUR |
| 650 #0 - SUBJECT ADDED ENTRY--TOPICAL TERM | |
| Topical term or geographic name entry element | Leadership. |
| 9 (RLIN) | 300 |
| 942 ## - ADDED ENTRY ELEMENTS (KOHA) | |
| Source of classification or shelving scheme | |
| Koha item type | Book |
| Withdrawn status | Lost status | Source of classification or shelving scheme | Damaged status | Not for loan | Permanent Location | Current Location | Date acquired | Total Checkouts | Total Renewals | Full call number | Barcode | Date last seen | Date last checked out | Price effective from | Koha item type |
|---|---|---|---|---|---|---|---|---|---|---|---|---|---|---|---|
| Military College of Engineering (MCE) | Military College of Engineering (MCE) | 02/11/2014 | 7 | 2 | 355 AUR | MCE-34971 | 01/16/2020 | 10/22/2019 | 02/11/2014 | Book |
